Loading...
| Science - Chemistry | 1 | 4 | 2 | 2 | 45 | 49 | 105.40 | 1 | 3 |
| Mythology | 0 | 4 | 0 | 1 | 40 | 70 | 93.50 | 2 | 3 |
| History - World History | 0 | 3 | 0 | 2 | 30 | 108 | 117.33 | 0 | 0 |
| Science - Other Science | 0 | 3 | 0 | 0 | 30 | 76 | 100.00 | 0 | 2 |
| Science - Biology | 0 | 3 | 1 | 1 | 25 | 53 | 90.00 | 0 | 2 |
| History - American History | 0 | 3 | 1 | 1 | 25 | 103 | 121.33 | 0 | 1 |
| Social Science | 0 | 2 | 0 | 2 | 20 | 114 | 118.50 | 0 | 0 |
| Literature - World Literature | 0 | 2 | 0 | 0 | 20 | 104 | 114.50 | 0 | 1 |
| Science - Physics | 0 | 2 | 0 | 0 | 20 | 89 | 99.00 | 0 | 1 |
| Pop Culture | 1 | 0 | 0 | 0 | 15 | 76 | 76.00 | 0 | 1 |
| History - European History | 0 | 1 | 0 | 1 | 10 | 132 | 132.00 | 0 | 0 |
| Literature - European Literature | 0 | 1 | 0 | 1 | 10 | 116 | 116.00 | 0 | 0 |
| Geography | 0 | 1 | 0 | 1 | 10 | 123 | 123.00 | 0 | 0 |
| History - Other History | 0 | 1 | 1 | 0 | 5 | 119 | 119.00 | 0 | 0 |
| Fine Arts - Auditory Fine Arts | 0 | 0 | 0 | 0 | 0 | 0.00 | 0 | 0 | |
| Fine Arts - Visual Fine Arts | 0 | 0 | 0 | 0 | 0 | 0.00 | 0 | 0 | |
| Fine Arts - Other Fine Arts | 0 | 0 | 0 | 0 | 0 | 0.00 | 0 | 0 | |
| Philosophy | 0 | 0 | 0 | 0 | 0 | 0.00 | 0 | 0 | |
| Religion | 0 | 0 | 1 | 0 | -5 | 0.00 | 0 | 0 |